| 000 | 00858nam a22001937a 4500 | ||
|---|---|---|---|
| 003 | BUBTL | ||
| 008 | 211109b ||||| |||| 00| 0 eng d | ||
| 020 | _a9844584744 | ||
| 082 | _a954.925/ M3111b/ 2004 | ||
| 100 |
_91756 _a মামুন, মুনতাসীর |
||
| 245 |
_aবঙ্গবন্ধু ও বাংলাদেশ [১৯৭১-১৯৭৫] প্রথম খন্ড / _cমুনতাসীর মামুন |
||
| 260 |
_aঢাকা: _bসময় প্রকাশন, _cc2004 |
||
| 300 |
_a543 p.: _bill.; _c22 cm |
||
| 505 | _aবঙ্গবন্ধু, Bangabandhu, বঙ্গবন্ধু ও বাংলাদেশ, মুনতাসীর মামুন | ||
| 650 | 0 |
_93574 _aবঙ্গবন্ধু |
|
| 856 |
_k0 _l0 _yDownload |
||
| 942 |
_2ddc _cBK |
||
| 999 |
_c6569 _d6569 |
||